[Event "ÐŸÐµÑ€Ð²ÐµÐ½Ñ�Ñ‚Ð²Ð¾ ÐœÐ¾Ñ�ÐºÐ²Ñ‹ Ð¿Ð¾ Ñ"]
[Site "ÐœÐ¾Ñ�ÐºÐ²Ð°, ÐœÐ“Ð˜ÐœÐž Ð¿Ñ€."]
[Date "2018.11.18"]
[Round "1.1"]
[White "Ð˜Ñ�Ñ€Ð°Ñ„Ð¸Ð»Ð¾Ð², Ð�Ð»Ð¸."]
[Black "ÐšÐ¸ÑˆÐ¸ÐµÐ², Ð¤Ð°Ð¼Ð¸Ð»."]
[Result "1-0"]
[WhiteElo "1904"]
[BlackElo "1313"]
[PlyCount "73"]
[EventDate "2018.11.18"]

1. Nf3 Nf6 2. d4 e6 3. g3 Be7 4. Bg2 d5 5. O-O O-O 6. c4 Nc6 7. cxd5 exd5 8.
Nc3 Bf5 9. Ne5 Nb4 10. Bf4 c6 11. a3 Na6 12. Qa4 Nc7 13. Rfd1 Ne6 14. Rac1 Nxf4
15. gxf4 Bd6 16. e3 a6 17. b4 Ng4 18. Nf3 Re8 19. Ne2 Be4 20. h3 Nf6 21. Ng3
Qd7 22. Ne5 Bxe5 23. dxe5 Bxg2 24. Kxg2 Re6 25. exf6 Rxf6 26. Qc2 h6 27. Kh2
Kh8 28. Rg1 Rg8 29. Rcd1 Qc8 30. Qc3 Qf8 31. Rg2 Rg6 32. Rdg1 f5 33. Qe5 Rf6
34. Nh5 Rf7 35. Rg6 Kh7 36. R1g2 Kh8 37. Rxh6# 1-0

[Event "ÐŸÐµÑ€Ð²ÐµÐ½Ñ�Ñ‚Ð²Ð¾ ÐœÐ¾Ñ�ÐºÐ²Ñ‹ Ð¿Ð¾ Ñ"]
[Site "ÐœÐ¾Ñ�ÐºÐ²Ð°, ÐœÐ“Ð˜ÐœÐž Ð¿Ñ€."]
[Date "2018.11.18"]
[Round "1.2"]
[White "Ð Ð°Ð¶Ð±Ð°Ð´Ð¸Ð½Ð¾Ð², Ð Ð°Ñ�ÑƒÐ»."]
[Black "ÐšÑ€Ð¸Ð²ÐµÐ½ÐºÐ¾, Ð”Ð¼Ð¸Ñ‚Ñ€Ð¸Ð¹."]
[Result "1-0"]
[WhiteElo "1529"]
[BlackElo "1887"]
[PlyCount "131"]
[EventDate "2018.11.18"]

1. e4 Nf6 2. e5 Nd5 3. c4 Nb6 4. d4 d6 5. exd6 exd6 6. Nf3 Be7 7. Bd3 Bg4 8.
O-O Nc6 9. Be3 O-O 10. Nc3 Bf6 11. h3 Bh5 12. Ne2 Bxf3 13. gxf3 Nb4 14. Be4 d5
15. cxd5 N4xd5 16. Qc2 g6 17. Kh1 Qd7 18. Kh2 Qd6+ 19. f4 Rfe8 20. Ng3 Bh4 21.
Rg1 Kh8 22. Rac1 f5 23. Bf3 c6 24. Qd1 Re6 25. Rc2 Rae8 26. Re1 Bxg3+ 27. fxg3
Nf6 28. Bf2 Ne4 29. Bxe4 fxe4 30. Qc1 Qe7 31. Kg1 Nd5 32. Be3 Qd7 33. Qd2 Rd6
34. Kh2 Nxe3 35. Rxe3 Rxd4 36. Qc3 Kg8 37. Qb3+ Qf7 38. Qa3 a6 39. Qc3 Qd5 40.
Rce2 c5 41. b3 b5 42. Rc2 Rd3 43. Rxd3 exd3 44. Rg2 c4 45. bxc4 Qxc4 46. Qf6
Qb4 47. h4 d2 48. a3 Qxa3 49. Rxd2 Qf8 50. Qxa6 Rb8 51. Rd7 Rc8 52. Qe6+ Kh8
53. Qe5+ Kg8 54. Qd5+ Kh8 55. Qe5+ Kg8 56. Qe6+ Kh8 57. Rf7 Rc2+ 58. Kh3 Qc8
59. Rd7 Qf8 60. Qe5+ Kg8 61. Qd5+ Kh8 62. Rd8 Rc8 63. Qe5+ Kg8 64. Qe6+ Kg7 65.
Rxf8 Rxf8 66. Qd7+ 1-0

[Event "ÐŸÐµÑ€Ð²ÐµÐ½Ñ�Ñ‚Ð²Ð¾ ÐœÐ¾Ñ�ÐºÐ²Ñ‹ Ð¿Ð¾ Ñ"]
[Site "ÐœÐ¾Ñ�ÐºÐ²Ð°, ÐœÐ“Ð˜ÐœÐž Ð¿Ñ€."]
[Date "2018.11.18"]
[Round "1.3"]
[White "ÐšÐ¾Ð»ÐµÑ�Ð¾Ð², Ð“Ð¾Ñ€Ð´ÐµÐ¹."]
[Black "Ð“Ñ€ÑƒÐ½Ð¸Ð½, Ð”ÐµÐ½Ð¸Ñ�."]
[Result "1-0"]
[WhiteElo "1823"]
[BlackElo "1415"]
[PlyCount "57"]
[EventDate "2018.11.18"]

1. e4 c5 2. Nf3 g6 3. c4 Bg7 4. d4 cxd4 5. Nxd4 Nc6 6. Be3 Nf6 7. Nc3 Ng4 8.
Qxg4 Nxd4 9. Qd1 Ne6 10. Qd2 d6 11. Be2 Bd7 12. O-O h5 13. Rfd1 Nc5 14. Bd4 Bh6
15. Be3 Bxe3 16. Qxe3 f6 17. b4 Na4 18. c5 Nxc3 19. Qxc3 Rc8 20. Qg3 Kf7 21.
cxd6 Ba4 22. Rd2 Rc6 23. e5 Qc8 24. Rf1 Rc1 25. dxe7 Rxf1+ 26. Bxf1 Qc1 27. Qe3
Bb5 28. e8=Q+ Rxe8 29. Rd7+ 1-0

[Event "ÐŸÐµÑ€Ð²ÐµÐ½Ñ�Ñ‚Ð²Ð¾ ÐœÐ¾Ñ�ÐºÐ²Ñ‹ Ð¿Ð¾ Ñ"]
[Site "ÐœÐ¾Ñ�ÐºÐ²Ð°, ÐœÐ“Ð˜ÐœÐž Ð¿Ñ€."]
[Date "2018.11.18"]
[Round "1.4"]
[White "Ð¡Ð¾ÐºÐ¾Ð»Ð¾Ð², Ð•Ð³Ð¾Ñ€."]
[Black "Ð“Ð¾Ð´Ð¶ÑƒÑ€Ð¾Ð², Ð›Ð¸Ð´Ð¶Ð¸."]
[Result "0-1"]
[WhiteElo "1429"]
[BlackElo "1790"]
[Annotator "icy"]
[PlyCount "59"]
[EventDate "2018.11.18"]

1. e4 c5 2. Nf3 d6 3. Bb5+ Bd7 4. Bxd7+ Qxd7 5. c4 Nf6 6. Nc3 Nc6 7. d4 cxd4 8.
Nxd4 g6 9. Be3 Bg7 10. h3 O-O 11. O-O Rfc8 12. b3 Qd8 13. Rc1 Nd7 14. Nce2 Nc5
15. Qc2 Nb4 16. Qb1 Nc6 17. Rfd1 Qe8 18. Nc3 Nxd4 19. Bxd4 Rab8 20. Qb2 Qf8 21.
Qe2 Bxd4 22. Rxd4 Qg7 23. Rcd1 Rd8 24. Nd5 e6 25. Nc3 a6 26. b4 Nd7 27. Rxd6
Qf8 28. e5 Rbc8 29. f4 Qe8 30. Ne4 {Ð·Ð°Ð¿Ð¸Ñ�ÑŒ Ð½ÐµÑ€Ð°Ð·Ð±Ð¾Ñ€Ñ‡Ð¸Ð²Ð°} 0-1

[Event "ÐŸÐµÑ€Ð²ÐµÐ½Ñ�Ñ‚Ð²Ð¾ ÐœÐ¾Ñ�ÐºÐ²Ñ‹ Ð¿Ð¾ Ñ"]
[Site "ÐœÐ¾Ñ�ÐºÐ²Ð°, ÐœÐ“Ð˜ÐœÐž Ð¿Ñ€."]
[Date "2018.11.18"]
[Round "1.5"]
[White "ÐšÐ¾Ñ€Ð¾Ð»Ñ‘Ð², ÐšÐ¸Ñ€Ð¸Ð»Ð»."]
[Black "Ð�Ð²ÐµÑ‚Ð¸Ñ�Ñ�Ð½, Ð”Ð°Ð²Ð¸Ð´."]
[Result "1-0"]
[WhiteElo "1505"]
[BlackElo "1254"]
[Annotator "icy"]
[PlyCount "47"]
[EventDate "2018.11.18"]

1. d4 e6 2. Nf3 Nf6 3. Bf4 d5 4. e3 c5 5. c3 Qb6 6. Qc2 Bd7 7. Nbd2 Bb5 8.
Bxb5+ Qxb5 9. a4 Qa6 10. Bc7 Nc6 11. dxc5 Bxc5 12. b4 Bxb4 13. cxb4 Nxb4 14.
Qb3 Nd3+ 15. Kf1 Rc8 16. Bg3 O-O 17. Qb5 Qxb5 18. axb5 Rc2 19. Ke2 Nc5 20. Rac1
Rxc1 21. Rxc1 Na4 22. Nd4 Nb6 23. Rc7 Rb8 24. Be5 {Ð·Ð°Ð¿Ð¸Ñ�ÑŒ
Ð½ÐµÑ€Ð°Ð·Ð±Ð¾Ñ€Ñ‡Ð¸Ð²Ð°} 1-0

[Event "ÐŸÐµÑ€Ð²ÐµÐ½Ñ�Ñ‚Ð²Ð¾ ÐœÐ¾Ñ�ÐºÐ²Ñ‹ Ð¿Ð¾ Ñ"]
[Site "ÐœÐ¾Ñ�ÐºÐ²Ð°, ÐœÐ“Ð˜ÐœÐž Ð¿Ñ€."]
[Date "2018.11.18"]
[Round "1.6"]
[White "ÐšÐ¾Ð»Ð¾Ð±Ð¾Ð², Ð”Ð¼Ð¸Ñ‚Ñ€Ð¸Ð¹."]
[Black "Ð�Ð½Ð¸Ñ�Ð¸Ð¼Ð¾Ð², o/oÑ€Ð¸Ð¹."]
[Result "0-1"]
[WhiteElo "1484"]
[BlackElo "1607"]
[PlyCount "119"]
[EventDate "2018.11.18"]

1. d4 Nf6 2. c4 c6 3. Nc3 d5 4. e3 e6 5. Nf3 Nbd7 6. Bd3 dxc4 7. Bxc4 b5 8. Bd3
a6 9. e4 c5 10. O-O Be7 11. Re1 Bb7 12. Bc2 cxd4 13. Nxd4 b4 14. Na4 Qa5 15.
Nf3 Rd8 16. Nd2 O-O 17. b3 Nc5 18. Nxc5 Bxc5 19. Bb2 Qb6 20. Rf1 Kh8 21. Qe2
Qc6 22. Rac1 Qb5 23. Qxb5 axb5 24. e5 Ng4 25. Ne4 Bxe4 26. Bxe4 Bxf2+ 27. Rxf2
Nxf2 28. Kxf2 Rd2+ 29. Kg1 Rxb2 30. Bc6 Rxa2 31. Bxb5 g6 32. Kf1 Rd2 33. Bc4
Kg7 34. Ra1 Rd4 35. Ra7 Re4 36. Bxe6 Rxe5 37. Bc4 Rf5+ 38. Ke2 Re8+ 39. Kd3 Re1
40. Rb7 Rg1 41. g3 Rg2 42. Rxb4 Rb2 43. g4 Rf4 44. Rb7 Rb1 45. g5 Rc1 46. Ke2
Rcxc4 47. bxc4 Rxc4 48. Kf3 Rc5 49. Kg4 Rf5 50. Ra7 h5+ 51. gxh6+ Kxh6 52. Ra8
Rf1 53. Ra4 f5+ 54. Kg3 Kg5 55. Ra5 Rb1 56. Rc5 Rb3+ 57. Kf2 Kg4 58. Rc6 g5 59.
Rc2 f4 60. Kg2 0-1

[Event "ÐŸÐµÑ€Ð²ÐµÐ½Ñ�Ñ‚Ð²Ð¾ ÐœÐ¾Ñ�ÐºÐ²Ñ‹ Ð¿Ð¾ Ñ"]
[Site "ÐœÐ¾Ñ�ÐºÐ²Ð°, ÐœÐ“Ð˜ÐœÐž Ð¿Ñ€."]
[Date "2018.11.18"]
[Round "1.7"]
[White "Ð�Ð¼Ð¸Ñ€Ð´Ð¶Ð°Ð½Ñ�Ð½, Ð’Ð»Ð°Ð´Ð¸Ð¼Ð¸Ñ€."]
[Black "Ð˜Ñ�Ð°Ð¹ÐºÐ¸Ð½, Ð’Ð°Ð»ÐµÑ€Ð¸Ð¹."]
[Result "1-0"]
[WhiteElo "1601"]
[BlackElo "1417"]
[PlyCount "91"]
[EventDate "2018.11.18"]

1. e4 e6 2. d4 d5 3. Nc3 Nf6 4. Bg5 Be7 5. e5 Nfd7 6. Bxe7 Qxe7 7. f4 a6 8. Qg4
Kf8 9. Nf3 c5 10. dxc5 Nxc5 11. Nxd5 Qd8 12. Nc3 Qb6 13. O-O-O Nc6 14. Nd2 Qb4
15. Nc4 Nd7 16. a3 Qe7 17. Nd6 b5 18. Ncxb5 axb5 19. Bxb5 Na5 20. Nxc8 Qc5 21.
Bxd7 Nb3+ 22. Kb1 Rxa3 23. cxb3 Qb4 24. Qe2 Qxb3 25. Ba4 Qa2+ 26. Kc2 g6 27.
Ra1 Qxa1 28. Rxa1 Rxa1 29. Qb5 Kg7 30. Nd6 Ra8 31. Bb3 Rg1 32. Qb7 Raa1 33.
Qxf7+ Kh6 34. Qf8+ Kh5 35. Ne4 Rac1+ 36. Kd3 Kg4 37. h3+ Kh5 38. g4+ Rxg4 39.
hxg4+ Kxg4 40. Bxe6+ Kf3 41. Ng5+ Kf2 42. Qh6 Rd1+ 43. Kc2 Ke2 44. Qh2+ Ke3 45.
Qg3+ Kd4 46. Qc3# 1-0

[Event "ÐŸÐµÑ€Ð²ÐµÐ½Ñ�Ñ‚Ð²Ð¾ ÐœÐ¾Ñ�ÐºÐ²Ñ‹ Ð¿Ð¾ Ñ"]
[Site "ÐœÐ¾Ñ�ÐºÐ²Ð°, ÐœÐ“Ð˜ÐœÐž Ð¿Ñ€."]
[Date "2018.11.18"]
[Round "1.8"]
[White "Ð¢ÐµÑ‚o^ÐµÐ², Ð¡Ñ‚ÐµÐ¿Ð°Ð½."]
[Black "ÐœÐ°Ñ€Ð°Ð½Ð¸Ð½, Ð¡ÐµÑ€Ð³ÐµÐ¹."]
[Result "0-1"]
[WhiteElo "1431"]
[BlackElo "1370"]
[PlyCount "94"]
[EventDate "2018.11.18"]

1. e4 c5 2. Nf3 e6 3. d4 cxd4 4. Nxd4 Nf6 5. Bd3 Nc6 6. Nxc6 bxc6 7. Nc3 d5 8.
O-O Be7 9. exd5 cxd5 10. Re1 O-O 11. Bf4 Bd6 12. Be5 Bxe5 13. Rxe5 Bd7 14. Qf3
h6 15. Rd1 Qb8 16. Qg3 Rc8 17. b3 Rxc3 18. Bh7+ Kxh7 19. Qxc3 Qd6 20. Re3 Rc8
21. Qd3+ Kg8 22. Rg3 e5 23. c4 d4 24. Re1 e4 25. Qd1 Qc5 26. Rf1 h5 27. Qc1 Nh7
28. Qh6 Qe5 29. f4 exf3 30. Rfxf3 Bg4 31. Qf4 Qxf4 32. Rxf4 Rd8 33. Rd3 Re8 34.
Rdxd4 Re1+ 35. Rf1 Re7 36. h3 Be6 37. Rc1 g5 38. c5 Nf6 39. c6 Rc7 40. Rc5 g4
41. hxg4 hxg4 42. Rb4 Bc8 43. Rbc4 Kf8 44. Re5 Be6 45. Rc2 Nd5 46. Re1 Nb4 47.
Rc5 Nd3 0-1

[Event "ÐŸÐµÑ€Ð²ÐµÐ½Ñ�Ñ‚Ð²Ð¾ ÐœÐ¾Ñ�ÐºÐ²Ñ‹ Ð¿Ð¾ Ñ"]
[Site "ÐœÐ¾Ñ�ÐºÐ²Ð°, ÐœÐ“Ð˜ÐœÐž Ð¿Ñ€."]
[Date "2018.11.18"]
[Round "1.9"]
[White "Ð�Ð½Ð´Ñ€ÐµÐµÐ², ÐšÐ¾Ð½Ñ�Ñ‚Ð°Ð½Ñ‚Ð¸Ð½."]
[Black "Ð¡Ð°Ð²Ð¸~~ÐµÐ², Ð˜Ð²Ð°Ð½."]
[Result "1-0"]
[WhiteElo "1589"]
[BlackElo "1453"]
[PlyCount "103"]
[EventDate "2018.11.18"]

1. e4 c5 2. Nf3 Nc6 3. d4 cxd4 4. Nxd4 g6 5. Nc3 Bg7 6. Nb3 Nf6 7. Be2 O-O 8.
O-O d6 9. Re1 a6 10. Bf1 Bd7 11. Nd5 Re8 12. c3 Rb8 13. Bg5 Be6 14. Nxf6+ exf6
15. Bf4 Ne5 16. Qc2 Qb6 17. Rad1 Rbd8 18. Be3 Qc7 19. f4 Nc4 20. Bxc4 Bxc4 21.
Qf2 Qc8 22. Bd4 Bxb3 23. axb3 Qc6 24. Qf3 Re7 25. Bf2 h6 26. Qd3 Red7 27. c4
Kh7 28. Qc2 Re8 29. Rd5 Rc8 30. Qd3 Rcd8 31. Rd1 Kg8 32. c5 Bf8 33. e5 fxe5 34.
fxe5 Bg7 35. exd6 Bxb2 36. Qd2 Bg7 37. Be3 h5 38. Bh6 Bxh6 39. Qxh6 b6 40. b4
a5 41. Qf4 axb4 42. Qxb4 bxc5 43. Rxc5 Qa6 44. Rcd5 Qa7+ 45. Kh1 Qa6 46. h3 Qe2
47. Re1 Qa6 48. Qd4 Qc6 49. Rd1 Qa6 50. Qf6 Qa3 51. Re1 Qg3 52. Re7 1-0

[Event "ÐŸÐµÑ€Ð²ÐµÐ½Ñ�Ñ‚Ð²Ð¾ ÐœÐ¾Ñ�ÐºÐ²Ñ‹ Ð¿Ð¾ Ñ"]
[Site "ÐœÐ¾Ñ�ÐºÐ²Ð°, ÐœÐ“Ð˜ÐœÐž Ð¿Ñ€."]
[Date "2018.11.18"]
[Round "1.10"]
[White "Ð‘ÐµÐ»Ñ�ÐµÐ², Ð¤Ñ‘Ð´Ð¾Ñ€."]
[Black "Ð¡ÐµÐ¿Ð¸Ð°ÑˆÐ²Ð¸Ð»Ð¸, Ð˜Ð²Ð°Ð½."]
[Result "0-1"]
[WhiteElo "1332"]
[BlackElo "1636"]
[Annotator "icy"]
[PlyCount "40"]
[EventDate "2018.11.18"]

1. d4 d5 2. c4 e6 3. Nc3 Nf6 4. Bg5 Be7 5. e3 Nbd7 6. Nf3 O-O 7. cxd5 exd5 8.
Bd3 c6 9. O-O Re8 10. Rc1 Ne4 11. Bf4 Ndf6 12. h3 h6 13. Qc2 Bf5 14. Rcd1 Bh7
15. Be5 Bd6 16. Bxf6 Qxf6 17. Rfe1 Kh8 18. a4 Bf5 19. Nd2 Qg6 20. g4 Re6 {
Ð·Ð°Ð¿Ð¸Ñ�ÑŒ Ð½ÐµÑ€Ð°Ð·Ð±Ð¾Ñ€Ñ‡Ð¸Ð²Ð°} 0-1

[Event "ÐŸÐµÑ€Ð²ÐµÐ½Ñ�Ñ‚Ð²Ð¾ ÐœÐ¾Ñ�ÐºÐ²Ñ‹ Ð¿Ð¾ Ñ"]
[Site "ÐœÐ¾Ñ�ÐºÐ²Ð°, ÐœÐ“Ð˜ÐœÐž Ð¿Ñ€."]
[Date "2018.11.18"]
[Round "1.11"]
[White "Ð¡Ð°Ð¼Ð°Ñ€Ð¾Ð², Ð’Ð»Ð°Ð´Ð¸Ð¼Ð¸Ñ€."]
[Black "Ð£Ñ€ÑƒÑ�Ð¾Ð², Ð“ÐµÑ€Ð¼Ð°Ð½."]
[Result "1-0"]
[WhiteElo "1272"]
[BlackElo "1331"]
[Annotator "icy"]
[PlyCount "22"]
[EventDate "2018.11.18"]

1. d4 d5 2. c4 dxc4 3. e3 Nf6 4. Bxc4 e6 5. Nf3 c5 6. O-O a6 7. a4 Nc6 8. Nc3
Be7 9. b3 O-O 10. Ba3 b6 11. Rc1 Bb7 {Ð·Ð°Ð¿Ð¸Ñ�ÑŒ Ð½ÐµÑ€Ð°Ð·Ð±Ð¾Ñ€Ñ‡Ð¸Ð²Ð°}
1-0

[Event "ÐŸÐµÑ€Ð²ÐµÐ½Ñ�Ñ‚Ð²Ð¾ ÐœÐ¾Ñ�ÐºÐ²Ñ‹ Ð¿Ð¾ Ñ"]
[Site "ÐœÐ¾Ñ�ÐºÐ²Ð°, ÐœÐ“Ð˜ÐœÐž Ð¿Ñ€."]
[Date "2018.11.18"]
[Round "1.12"]
[White "Ð¡Ð°Ñ€ÐºÐ¸Ñ�Ñ�Ð½, Ð¡Ð°Ñ€ÐºÐ¸Ñ�."]
[Black "ÐžÑ�Ð¸Ð¿ÐµÐ½ÐºÐ¾, Ð˜Ð²Ð°Ð½."]
[Result "1/2-1/2"]
[WhiteElo "1327"]
[BlackElo "1638"]
[PlyCount "136"]
[EventDate "2018.11.18"]

1. e4 e6 2. d4 d5 3. Nd2 c5 4. exd5 exd5 5. Ngf3 Nf6 6. dxc5 Bxc5 7. Nb3 Bb6 8.
Be2 O-O 9. O-O Re8 10. Bg5 Bf5 11. Nfd4 Bg6 12. Bf3 Nbd7 13. Bxd5 Qc7 14. Bf3
Ne4 15. Be3 Ndc5 16. Nb5 Qe7 17. Nxc5 Bxc5 18. Bxe4 Bxe4 19. Nc3 Bc6 20. Bxc5
Qxc5 21. Qg4 Re6 22. g3 Rae8 23. Rad1 Rf6 24. Qd4 Qf5 25. Qd3 Qg4 26. Rde1 Rfe6
27. Rxe6 Rxe6 28. Nd5 h5 29. Nf4 Re8 30. h3 Qg5 31. Qd1 g6 32. Kh2 Qf5 33. Qd3
Be4 34. Qe3 Rd8 35. Qxa7 Qb5 36. Re1 Bxc2 37. Qa3 Qb6 38. Re2 Bd1 39. Qe3 Qxe3
40. Rxe3 Rd2 41. Rd3 Rxf2+ 42. Kg1 Rxb2 43. Rxd1 Rxa2 44. Rb1 Kg7 45. Rxb7 Kf6
46. Rb5 Kg7 47. Nxh5+ gxh5 48. Rxh5 Kg6 49. Rd5 f6 50. g4 Rc2 51. Rf5 Rc3 52.
Kg2 Rc2+ 53. Kg3 Rc3+ 54. Kh4 Ra3 55. Rb5 Rc3 56. Rb8 Ra3 57. Rg8+ Kf7 58. Rc8
Kg6 59. Rc2 Rb3 60. Rg2 Ra3 61. Rg3 Ra1 62. Rf3 Rg1 63. Rf2 Ra1 64. Kg3 Ra3+
65. Kh2 Kg5 66. Rf5+ Kg6 67. Rh5 Ra4 68. Kg3 Ra3+ 1/2-1/2

[Event "ÐŸÐµÑ€Ð²ÐµÐ½Ñ�Ñ‚Ð²Ð¾ ÐœÐ¾Ñ�ÐºÐ²Ñ‹ Ð¿Ð¾ Ñ"]
[Site "ÐœÐ¾Ñ�ÐºÐ²Ð°, ÐœÐ“Ð˜ÐœÐž Ð¿Ñ€."]
[Date "2018.11.18"]
[Round "1.13"]
[White "ÐŸÑƒÐ³Ð°~~, Ð“Ð»ÐµÐ±."]
[Black "Ð�Ð¾Ð²Ð¸ÐºÐ¾Ð², Ð¤Ñ‘Ð´Ð¾Ñ€."]
[Result "1-0"]
[WhiteElo "1548"]
[BlackElo "1432"]
[Annotator "icy"]
[PlyCount "111"]
[EventDate "2018.11.18"]

1. e4 e5 2. Nf3 d6 3. d4 exd4 4. Nxd4 Nf6 5. Nc3 Be7 6. g3 O-O 7. Bg2 Re8 8.
O-O Nbd7 9. b3 Bf8 10. Bb2 Nc5 11. Re1 Bg4 12. Qd2 c6 13. a4 Qc7 14. h3 Bh5 15.
b4 Ne6 16. b5 c5 17. Nd5 Nxd5 18. Nxe6 fxe6 19. exd5 Bf7 20. dxe6 Bxe6 21. Bd5
Bxd5 22. Qxd5+ Qf7 23. Qxf7+ Kxf7 24. c4 Rxe1+ 25. Rxe1 a6 26. Ra1 axb5 27.
cxb5 d5 28. a5 d4 29. Kf1 Ke6 30. a6 b6 31. Ke2 Kd5 32. Rb1 c4 33. Rd1 Bc5 34.
f3 Re8+ 35. Kd2 Bb4+ 36. Kc2 d3+ 37. Kc1 Kc5 38. Bxg7 Ba3+ 39. Bb2 Bxb2+ 40.
Kxb2 Kxb5 41. Kc3 Kc5 42. a7 b5 43. Re1 Ra8 44. Re5+ Kc6 45. Re7 Kb6 46. Rxh7
Rxa7 47. Rxa7 Kxa7 48. h4 Kb6 49. h5 Kc5 50. h6 b4+ 51. Kd2 Kd4 52. h7 c3+ 53.
Kd1 Ke3 54. h8=Q c2+ 55. Kc1 d2+ 56. Kxc2 1-0

[Event "ÐŸÐµÑ€Ð²ÐµÐ½Ñ�Ñ‚Ð²Ð¾ ÐœÐ¾Ñ�ÐºÐ²Ñ‹ Ð¿Ð¾ Ñ"]
[Site "ÐœÐ¾Ñ�ÐºÐ²Ð°, ÐœÐ“Ð˜ÐœÐž Ð¿Ñ€."]
[Date "2018.11.18"]
[Round "1.14"]
[White "Ð’Ð¾Ñ€Ð¾Ð½Ð¸Ð½, Ð�Ð¸ÐºÐ¸Ñ‚Ð°."]
[Black "Ð¢Ð°Ñ€Ð°Ñ�Ð¾Ð², Ð›ÐµÐ²."]
[Result "1-0"]
[WhiteElo "1358"]
[BlackElo "1323"]
[PlyCount "65"]
[EventDate "2018.11.18"]

1. d4 Nf6 2. c4 g6 3. Nf3 Bg7 4. g3 O-O 5. Bg2 d6 6. Nc3 Nbd7 7. O-O e5 8. e4
Re8 9. b3 exd4 10. Nxd4 Nc5 11. Re1 a5 12. Bb2 Nfd7 13. f4 h5 14. Rb1 h4 15.
Ndb5 hxg3 16. hxg3 Na6 17. Ne2 Bxb2 18. Rxb2 Nf6 19. Nbd4 Bg4 20. Qd2 c6 21.
Nc3 Nc5 22. Qe3 Nfd7 23. Rd2 f5 24. Nc2 Nxe4 25. Nxe4 fxe4 26. Rxd6 Qe7 27.
Rxg6+ Kf7 28. Rxg4 Nf6 29. Rg5 Rh8 30. Bxe4 Qd7 31. Bg6+ Kf8 32. Qe6 Qg7 33.
Qd6+ 1-0

[Event "ÐŸÐµÑ€Ð²ÐµÐ½Ñ�Ñ‚Ð²Ð¾ ÐœÐ¾Ñ�ÐºÐ²Ñ‹ Ð¿Ð¾ Ñ"]
[Site "ÐœÐ¾Ñ�ÐºÐ²Ð°, ÐœÐ“Ð˜ÐœÐž Ð¿Ñ€."]
[Date "2018.11.18"]
[Round "1.15"]
[White "Ð�Ñ�Ð°Ñ‚Ñ€Ñ�Ð½, Ð›ÐµÐ¾Ð½."]
[Black "ÐŸÐ°Ð½Ð¸~~ÐºÐ¸Ð½, Ð�Ð»ÐµÐºÑ�ÐµÐ¹."]
[Result "1-0"]
[WhiteElo "1618"]
[BlackElo "1233"]
[PlyCount "61"]
[EventDate "2018.11.18"]

1. d4 d5 2. c4 e6 3. Nf3 Nf6 4. g3 Nbd7 5. Bg2 Be7 6. O-O O-O 7. Nc3 b6 8. Ne5
Bb7 9. cxd5 exd5 10. Qb3 Nxe5 11. dxe5 Ne4 12. Rd1 Nxc3 13. bxc3 c6 14. e4 Qc7
15. exd5 cxd5 16. Bxd5 Bxd5 17. Rxd5 Rac8 18. Bf4 a6 19. Rad1 Qxc3 20. Qxb6 Bc5
21. Qxa6 Qf3 22. Qf1 Bb4 23. Qd3 Qg4 24. a4 Rc6 25. Qb5 Rfc8 26. Qxb4 g5 27.
Rd8+ Kg7 28. Qf8+ Kg6 29. Qg8+ Kf5 30. Qxh7+ Rg6 31. Qxf7+ 1-0

[Event "ÐŸÐµÑ€Ð²ÐµÐ½Ñ�Ñ‚Ð²Ð¾ ÐœÐ¾Ñ�ÐºÐ²Ñ‹ Ð¿Ð¾ Ñ"]
[Site "ÐœÐ¾Ñ�ÐºÐ²Ð°, ÐœÐ“Ð˜ÐœÐž Ð¿Ñ€."]
[Date "2018.11.18"]
[Round "1.16"]
[White "Ð”Ð½ÐµÐ¿Ñ€Ð¾Ð², Ð�Ð½Ð´Ñ€ÐµÐ¹."]
[Black "Ð¯ÐºÑƒÑˆÐºÐ¾Ð², ÐŸÐ°Ð²ÐµÐ»."]
[Result "1/2-1/2"]
[WhiteElo "1344"]
[BlackElo "1656"]
[PlyCount "90"]
[EventDate "2018.11.18"]

1. c4 e6 2. d4 d5 3. Nc3 Nf6 4. Bg5 Be7 5. Nf3 O-O 6. e3 h6 7. Bh4 Ne4 8. Bxe7
Qxe7 9. Bd3 Nxc3 10. bxc3 Nd7 11. O-O c6 12. Qb3 dxc4 13. Bxc4 e5 14. dxe5 Nxe5
15. Nxe5 Qxe5 16. Rfd1 Qe7 17. Rd2 b5 18. Be2 Be6 19. Qb4 Qxb4 20. cxb4 a5 21.
Bf3 Rfc8 22. Rd6 axb4 23. Rxc6 Rxc6 24. Bxc6 Rxa2 25. Rxa2 Bxa2 26. Bxb5 b3 27.
Bc4 Kf8 28. Kf1 Ke7 29. Ke2 Kd6 30. Kd3 f6 31. Kc3 Bb1 32. Bxb3 Be4 33. f3 Bb7
34. Kd4 g5 35. e4 Ba6 36. g3 Be2 37. f4 gxf4 38. gxf4 Bg4 39. h4 Bh3 40. e5+
fxe5+ 41. fxe5+ Ke7 42. Ke4 Bg4 43. Kf4 Bh3 44. Bc2 Be6 45. Bf5 Bf7 1/2-1/2

[Event "ÐŸÐµÑ€Ð²ÐµÐ½Ñ�Ñ‚Ð²Ð¾ ÐœÐ¾Ñ�ÐºÐ²Ñ‹ Ð¿Ð¾ Ñ"]
[Site "ÐœÐ¾Ñ�ÐºÐ²Ð°, ÐœÐ“Ð˜ÐœÐž Ð¿Ñ€."]
[Date "2018.11.18"]
[Round "1.18"]
[White "ÐœÐ¸ÑˆÐ¸Ð½, ÐœÐ°Ñ‚Ð²ÐµÐ¹."]
[Black "Ð£Ñ€Ð¸Ð²Ñ�ÐºÐ¸Ð¹, Ð�Ñ€Ñ�ÐµÐ½Ð¸Ð¹."]
[Result "0-1"]
[WhiteElo "1319"]
[BlackElo "1234"]
[PlyCount "70"]
[EventDate "2018.11.18"]

1. e4 e5 2. Nf3 Nc6 3. Bc4 Nf6 4. Ng5 d5 5. exd5 Nd4 6. c3 Nf5 7. d6 Nxd6 8.
Bb3 b6 9. Nf3 e4 10. Nd4 Be7 11. O-O O-O 12. h3 c5 13. Ne2 c4 14. Bc2 Nd5 15.
b3 b5 16. Ba3 f5 17. Bxd6 Bxd6 18. bxc4 bxc4 19. a4 Qe7 20. Re1 Bc5 21. Ng3 Qd6
22. Ne2 Rf6 23. Qc1 Nf4 24. Nxf4 Qxf4 25. Re2 Rg6 26. Kh1 Bb7 27. Qe1 Qh4 28.
Qf1 e3 29. f3 Rg3 30. dxe3 Bxf3 31. Bxf5 Bxe2 32. Qxe2 Rxe3 33. Be6+ Kh8 34.
Qg4 Re1+ 35. Kh2 Bd6+ 0-1

[Event "ÐŸÐµÑ€Ð²ÐµÐ½Ñ�Ñ‚Ð²Ð¾ ÐœÐ¾Ñ�ÐºÐ²Ñ‹ Ð¿Ð¾ Ñ"]
[Site "ÐœÐ¾Ñ�ÐºÐ²Ð°, ÐœÐ“Ð˜ÐœÐž Ð¿Ñ€."]
[Date "2018.11.18"]
[Round "1.19"]
[White "ÐšÐ¾Ð½Ð´Ñ€Ð°ÑˆÐµÐ², ÐšÐ¸Ñ€Ð¸Ð»Ð»."]
[Black "o/oÑ�ÑƒÐ¿Ð¾Ð², Ð˜Ð»ÑŒÑ�."]
[Result "1/2-1/2"]
[WhiteElo "1523"]
[BlackElo "1461"]
[PlyCount "82"]
[EventDate "2018.11.18"]

1. e4 e6 2. d4 d5 3. Nd2 Nf6 4. e5 Nfd7 5. Bd3 c5 6. c3 Nc6 7. Ne2 Be7 8. O-O
O-O 9. Nf3 f6 10. exf6 Nxf6 11. Bg5 Ne8 12. Bxe7 Qxe7 13. Bb1 Qc7 14. Qc2 g6
15. Ng3 Qg7 16. Qd2 cxd4 17. cxd4 Nd6 18. h4 Nc4 19. Qc3 Bd7 20. b3 Nd6 21. Qd3
Ne7 22. Qd2 Nef5 23. Nxf5 exf5 24. Ne5 Bb5 25. Bd3 Bxd3 26. Qxd3 Qh6 27. Qc3
Ne4 28. Qa5 Nf6 29. g3 b6 30. Qb4 f4 31. Qd6 Rae8 32. Rae1 Qg7 33. Nc6 Qf7 34.
Re7 Rxe7 35. Qxe7 Nh5 36. Qxf7+ Rxf7 37. g4 Nf6 38. f3 Rc7 39. Nb4 a5 40. Nd3
Rc2 41. Nxf4 Rxa2 1/2-1/2

[Event "ÐŸÐµÑ€Ð²ÐµÐ½Ñ�Ñ‚Ð²Ð¾ ÐœÐ¾Ñ�ÐºÐ²Ñ‹ Ð¿Ð¾ Ñ"]
[Site "ÐœÐ¾Ñ�ÐºÐ²Ð°, ÐœÐ“Ð˜ÐœÐž Ð¿Ñ€."]
[Date "2018.11.18"]
[Round "1.20"]
[White "ÐšÑ€Ð¾Ð¿Ð°~~ÐµÐ², ÐœÐ¸Ñ…Ð°Ð¸Ð»."]
[Black "Ð�Ð·Ð¸Ð¼Ð¾Ð², Ð¢Ð¸Ð¼ÑƒÑ€."]
[Result "0-1"]
[WhiteElo "1332"]
[BlackElo "1408"]
[PlyCount "122"]
[EventDate "2018.11.18"]

1. e4 c5 2. Nf3 d6 3. d4 cxd4 4. Nxd4 Nf6 5. Nc3 a6 6. Be3 e5 7. Nf3 Be7 8. Be2
b5 9. a3 Bb7 10. Nd2 O-O 11. Bf3 Nbd7 12. O-O Qc7 13. Re1 Rfd8 14. Qe2 Nf8 15.
Qd3 Ng6 16. Nd5 Nxd5 17. exd5 Rac8 18. Rac1 Qd7 19. Be4 Ra8 20. Bb6 Rf8 21. Bf5
Qe8 22. g3 Bd8 23. Be3 Bc8 24. f4 Bxf5 25. Qxf5 Ne7 26. Qd3 Qd7 27. c4 Nf5 28.
fxe5 Nxe3 29. Qxe3 dxe5 30. Qxe5 Bf6 31. Qe2 Bxb2 32. Rb1 Bxa3 33. cxb5 Rfe8
34. Qd3 Rxe1+ 35. Rxe1 Bc5+ 36. Kg2 axb5 37. Ne4 Ra2+ 38. Nd2 Bb4 39. Re2 Rxd2
40. Rxd2 Bxd2 41. Qxd2 Qd6 42. Kf3 g6 43. Ke4 Kf8 44. Qb2 f5+ 45. Ke3 Qxd5 46.
Qh8+ Qg8 47. Qf6+ Qf7 48. Qc6 Qe8+ 49. Qxe8+ Kxe8 50. Kd4 Ke7 51. Kc5 Kf6 52.
Kxb5 Kg5 53. Kc5 Kg4 54. Kd4 Kh3 55. Ke3 Kxh2 56. Kf3 Kh3 57. Kf4 Kg2 58. g4
fxg4 59. Kxg4 h5+ 60. Kh4 Kf3 61. Kg5 Kg3 0-1

[Event "ÐŸÐµÑ€Ð²ÐµÐ½Ñ�Ñ‚Ð²Ð¾ ÐœÐ¾Ñ�ÐºÐ²Ñ‹ Ð¿Ð¾ Ñ"]
[Site "ÐœÐ¾Ñ�ÐºÐ²Ð°, ÐœÐ“Ð˜ÐœÐž Ð¿Ñ€."]
[Date "2018.11.18"]
[Round "1.21"]
[White "ÐšÐ¾Ñ€Ð¾Ð»ÐµÐ², Ð�Ð¸ÐºÐ¾Ð»Ð°Ð¹."]
[Black "Ð¨Ð°Ð´Ñ‹ÐµÐ², Ð”Ð°Ð¼Ð¸Ñ€."]
[Result "0-1"]
[WhiteElo "1639"]
[BlackElo "1250"]
[PlyCount "129"]
[EventDate "2018.11.18"]

1. e4 c5 2. c4 e6 3. Nc3 a6 4. g3 Qc7 5. Bg2 Nf6 6. Nge2 Be7 7. O-O d6 8. d3
Nc6 9. h3 b6 10. Be3 Bb7 11. Qd2 O-O 12. f4 Rac8 13. Rae1 Nd7 14. f5 exf5 15.
Nd5 Qd8 16. Nxe7+ Qxe7 17. Rxf5 Nde5 18. Nc3 Nb4 19. d4 Nxc4 20. Bg5 f6 21. Qe2
cxd4 22. Ref1 dxc3 23. bxc3 Nc2 24. Bxf6 Rxf6 25. Rxf6 gxf6 26. Qxc2 Ne3 27.
Qb3+ Bd5 28. exd5 Nxf1 29. Kxf1 Re8 30. Qd1 Kh8 31. c4 Qe3 32. Bf3 Qe5 33. Kg2
Rg8 34. g4 f5 35. Qb1 fxg4 36. hxg4 Qd4 37. Qf1 Rf8 38. Kg3 Qf4+ 39. Kg2 Rf6
40. Qe2 Qe5 41. Qf2 Rh6 42. Kg1 Qa1+ 43. Kg2 Qh1+ 44. Kg3 Qh3+ 45. Kf4 Rf6+ 46.
Ke3 Qh6+ 47. Ke2 Qf4 48. a4 Qxc4+ 49. Kd1 Qb3+ 50. Ke2 Qc2+ 51. Kf1 Qxf2+ 52.
Kxf2 Rf4 53. Ke3 Rxa4 54. Be4 Kg7 55. Kf4 Rxe4+ 56. Kxe4 Kf6 57. Kd4 Kg5 58.
Kc4 Kxg4 59. Kb4 h5 60. Kc4 h4 61. Kd3 h3 62. Ke2 h2 63. Kf2 h1=Q 64. Ke2 Qf3+
65. Kd2 0-1

[Event "ÐŸÐµÑ€Ð²ÐµÐ½Ñ�Ñ‚Ð²Ð¾ ÐœÐ¾Ñ�ÐºÐ²Ñ‹ Ð¿Ð¾ Ñ"]
[Site "ÐœÐ¾Ñ�ÐºÐ²Ð°, ÐœÐ“Ð˜ÐœÐž Ð¿Ñ€."]
[Date "2018.11.18"]
[Round "1.22"]
[White "ÐœÐ°Ñ‚Ñ‹Ð³Ð¸Ð½, Ð¤Ñ‘Ð´Ð¾Ñ€."]
[Black "ÐšÐ¾Ñ‚ÐµÐ»ÑŒÐ½Ð¸ÐºÐ¾Ð², ÐšÐ¾Ð½Ñ�Ñ‚Ð°Ð½Ñ‚Ð¸Ð½."]
[Result "0-1"]
[WhiteElo "1242"]
[BlackElo "1370"]
[PlyCount "44"]
[EventDate "2018.11.18"]

1. e4 e6 2. f4 d5 3. Nc3 Nf6 4. e5 Nfd7 5. d4 c5 6. Be3 Nc6 7. Nf3 cxd4 8. Nxd4
Bc5 9. Ncb5 O-O 10. Bd3 a6 11. Nxc6 bxc6 12. Nd4 Qb6 13. c3 Qxb2 14. Rc1 f6 15.
Rc2 Qb6 16. Nxe6 Bxe3 17. Qh5 f5 18. Bxf5 Rxf5 19. Qxf5 g6 20. Qh3 Qb1+ 21. Ke2
Qxc2+ 22. Kxe3 Nc5 0-1

[Event "Ïåðâåíñòâî Ìîñêâû ïî øàõìàòàì"]
[Site "Ìîñêâà, ÌÃÈÌÎ ïð. Âåðíàäñêîãî,"]
[Date "2018.11.19"]
[Round "2.1"]
[White "Pugach, Gleb"]
[Black "Israfilov, Ali"]
[Result "1/2-1/2"]
[WhiteElo "1548"]
[BlackElo "1904"]
[PlyCount "123"]
[EventDate "2018.11.18"]

1. e4 c5 2. Nf3 d6 3. d4 cxd4 4. Nxd4 Nf6 5. Nc3 a6 6. Be3 e5 7. Nb3 Be6 8. f3
h5 9. Qd2 Be7 10. Be2 Nbd7 11. Rd1 O-O 12. O-O Qc7 13. Kh1 Rac8 14. f4 b5 15.
a3 exf4 16. Bxf4 Ne5 17. Bg5 Nc4 18. Bxc4 Bxc4 19. Rf3 Ng4 20. Bxe7 Qxe7 21. h3
Ne5 22. Rf5 g6 23. Rf2 Rfd8 24. Nd5 Bxd5 25. Qxd5 Nc4 26. Qd4 Qe5 27. c3 a5 28.
Qd5 Qe8 29. Qd3 Rc7 30. Nd4 Re7 31. Re2 d5 32. exd5 Rxe2 33. Qxe2 Qxe2 34. Nxe2
Kg7 35. b3 Nxa3 36. Ra1 b4 37. c4 a4 38. bxa4 Nxc4 39. Rb1 Rb8 40. Nd4 Nd2 41.
Rb2 Nc4 42. Rb1 Na5 43. Nc6 Nxc6 44. dxc6 Kf6 45. a5 Ke6 46. c7 Rc8 47. Rxb4
Rxc7 48. a6 Rc1+ 49. Kh2 Ra1 50. Rb6+ Kf5 51. Rb7 f6 52. a7 Kg5 53. Rc7 f5 54.
Rb7 Ra4 55. Rc7 Ra2 56. Rb7 f4 57. Rf7 Ra1 58. Rb7 f3 59. gxf3 Ra2+ 60. Kg1 Kh4
61. Rg7 g5 62. Kf1 1/2-1/2

[Event "Ïåðâåíñòâî Ìîñêâû ïî øàõìàòàì"]
[Site "Ìîñêâà, ÌÃÈÌÎ ïð. Âåðíàäñêîãî,"]
[Date "2018.11.19"]
[Round "2.2"]
[White "Urivskyi, Arsenyi"]
[Black "Kolesov, Gordey"]
[Result "0-1"]
[WhiteElo "1234"]
[BlackElo "1823"]
[PlyCount "101"]
[EventDate "2018.11.18"]

1. e4 e5 2. Nf3 Nc6 3. Bb5 a6 4. Ba4 b5 5. Bb3 g6 6. c3 Bg7 7. O-O Nge7 8. d4
exd4 9. cxd4 O-O 10. Nc3 d6 11. h3 Na5 12. Bc2 c5 13. Be3 Nc4 14. Qc1 Nxe3 15.
Qxe3 Qb6 16. Ne2 Nc6 17. Rfd1 Bb7 18. Rac1 Na5 19. b3 c4 20. Bb1 Rac8 21. Nd2
cxb3 22. axb3 Rfe8 23. Qd3 Nc6 24. Nf3 Bh6 25. Nd2 Nb4 26. Rxc8 Rxc8 27. Qg3
Nc2 28. Qd3 Na3 29. Ba2 Rc2 30. Bb1 Rxd2 31. Rxd2 Bxd2 32. Qxd2 Nxb1 33. Qb2
Bxe4 34. f3 Bf5 35. g4 Qa5 36. gxf5 Qe1+ 37. Kg2 Nd2 38. Ng3 Qe3 39. Qc2 Qxf3+
40. Kh2 Qf2+ 41. Kh1 Qxg3 42. Qxd2 Qxh3+ 43. Kg1 Qxf5 44. Qe3 h5 45. Qe8+ Kg7
46. Qe3 h4 47. Kh2 Qg4 48. Kh1 h3 49. Qf2 Qg2+ 50. Qxg2 hxg2+ 51. Kxg2 0-1